000 00653nam a22001817a 4500
003 BD-DhUL
005 20160906164851.0
008 160906s1982 ii ||||| |||| 00| 0 eng d
040 _cBD-DhUL
_dBD-DhUL
082 _a954.142
_bSUK
100 _aসুবল চন্দ্র মিত্র
245 1 0 _aকলিকাতার ইতিহাস /
_cসুবল চন্দ্র মিত্র
260 _aকলিকাতা :
_bসপ্তর্ষি,
_c১৯৮২.
300 _a ২৩৬ পৃ. ;
_c২১ সে.মি.
650 0 _aকলকাতা
_xইতিহসা
650 0 _aKolkata
_xhistory
942 _2ddc
_cBK
999 _c104461
_d104461